Rozbory hospodárskej činnosti v poľnohospodárstve
Salvato in:
| Autore principale: | |
|---|---|
| Natura: | Libro |
| Lingua: | slovacco |
| Pubblicazione: |
Nitra
VŠP
1988
|
| Edizione: | 1. vyd. |
| Tags: |
Nessun Tag, puoi essere il primo ad aggiungerne!!
|
MARC
| LEADER | 00000nam a2200000 4500 | ||
|---|---|---|---|
| 001 | c026271 | ||
| 005 | 20221219092235.8 | ||
| 041 | 0 | |a slo | |
| 044 | |a SK | ||
| 245 | 1 | 0 | |a Rozbory hospodárskej činnosti v poľnohospodárstve |c Pavel Vaškovský |
| 250 | |a 1. vyd. | ||
| 264 | 1 | |a Nitra |b VŠP |c 1988 | |
| 300 | |a 272 s. | ||
| 100 | 1 | |a Vaškovský, Pavel | |